000 00806nam a2200253Ia 4500
003 OSt
005 20220923213006.0
006 a|||||r|||| 00| 0
007 ta
008 220922b |||||||| |||| 00| 0 hin d
024 _a157,989
037 _cTextual
040 _aARTS
_cARTS
_bhin
041 _2hin
_ahin
082 _aO152,1N33x, P0
100 _aदुष्यन्त कुमार
245 0 _aसूर्य का स्वागत
246 _aSūrya kā swāgata
260 _aनयी दिल्ली
_b वाणी प्रकाशन
_c2000
300 _a80 पृ.
_ccm.
650 _aहिन्दी साहित्य
_9156264
942 _hO152,1N33x, P0
_cTEXL
_2CC
999 _c312957
_d312957